00827cam a22002412 45000010005000000030008000050050017000130080040000300350050000700400037001200410011001570820020001681000020001882450152002082600050003603000021004104900039004315040027004706500025004976500021005228300010005438300032005537689BD-RjUL20211208234446.0140115s1962 enk b 000 0 engd a(BD-RjUL)7733aOCLC ocm01276332 from D970725M aDLCcGATdOCLdEQOdBD-RjULbeng1 aengger00a517.3bBET 19621 aBerlyand, O. S.10aTables of integral error functions and Hermite polynomials /cby O. S. Berlyand, R. I. Gavrilova and A. P. Prudnikov. Translated by Prasenjit Basu. aOxford ;aNew York :bPergamon Press,cc1962. a163 p. ;c26 cm.1 aMathematical tables series,vv. 19 aIncludes bibliography. 0aHermite polynomials. 0aError functions. 0vv. 19 0aMathematical tables series,